| 000 | 00748nam a22002297a 4500 | ||
|---|---|---|---|
| 005 | 20100816161025.0 | ||
| 010 | _aENG-100516 | ||
| 020 | _c35.00 | ||
| 035 | _aEN-84050 | ||
| 037 | _bDBAD/PUB | ||
| 082 | _a510 | ||
| 245 |
_aEasy maths using vedic maths : _ccompiled by Puyam Kameswara Sarma _b(shortcuts in mathematics) / |
||
| 260 |
_c2008 _aVijayawada _bDeepthi Book House |
||
| 270 |
_aMuseum Road, Governorpot, _bVijayawada _e2 |
||
| 300 |
_a100p. _c21cm (pbk) |
||
| 650 |
_aMathematics _914157 |
||
| 700 |
_913999 _aKameswara Sarma, Puyam |
||
| 700 | _914065 | ||
| 700 | _914031 | ||
| 942 |
_2ddc _cEN _h510 _mEAS |
||
| 999 |
_c42227 _d42227 |
||